| 000 | 00443nam a2200157Ia 4500 | ||
|---|---|---|---|
| 008 | 140306s9999 xx 000 0 und d | ||
| 020 | _a81 242 0131 5 | ||
| 041 | _aeng | ||
| 082 |
_a658 _bNEW/EN-15 |
||
| 100 | _aNowby, Tony | ||
| 245 | _aEncyclopaedia of practical managemetn training : cost -effective training V .15 | ||
| 260 |
_aNew Delhi _bCrest Publishing House _c 1998 |
||
| 300 | _a112 | ||
| 365 | _bRs .470 | ||
| 942 |
_2ddc _cBK |
||
| 999 |
_c179549 _d179549 |
||